Statistics for Top 10 Most Popular Jetpunk Quizzes

Click here to take the quiz!

General Stats

  • This quiz has been taken 9 times
  • The average score is 3 of 10

Answer Stats

HintAnswer% Correct
1Countries of the World Quiz
100%
2US States Quiz
63%
4Fast Typing 1 to 100
25%
5Countries by First Two Letters in 90 Seconds
13%
8Europe Map Quiz
13%
6Fast Typing A to Z
13%
9United States Map Quiz
13%
3World Map Without 20 Random Countries
13%
1012 Months in 15 Seconds
0%
7World Capitals Quiz
0%

Score Distribution

Percentile by Number Answered

Percent of People with Each Score

Your Score History

You have not taken this quiz